Report of the Indian delegation to China on agricultural planning and techniques. (Record no. 20063)

MARC details
000 -LEADER
fixed length control field 00353nam a2200109Ia 4500
082 ## - DEWEY DECIMAL CLASSIFICATION NUMBER
Classification number 338.43(540+510)
Item number IND
245 #0 - TITLE STATEMENT
Title Report of the Indian delegation to China on agricultural planning and techniques.
260 ## - PUBLICATION, DISTRIBUTION, ETC. (IMPRINT)
Place of publication Delhi
Name of publisher Manager of Publications
Year of publication 1956
650 ## - SUBJECT ADDED ENTRY--TOPICAL TERM
Topical Term Agricultural planning
942 ## - ADDED ENTRY ELEMENTS (KOHA)
Koha item type Books
Holdings
Withdrawn status Lost status Damaged status Not for loan Home library Current library Date acquired Full call number Accession Number Koha item type
        RRII Library RRII Library 16/12/2021 338.43(540+510) IND 00791 Books